[Event "BAN-chT Golden Jubilee 2021-22"]
[Site "Dhaka"]
[Date "2022.03.14"]
[Round "5.13"]
[White "Ghosh, Diptayan"]
[Black "Islam, Khandaker Aminul"]
[Result "1-0"]
[WhiteElo "2541"]
[BlackElo "2153"]
[Annotator "RC"]
[PlyCount "81"]
[EventDate "2022.03.10"]
[EventType "team-tourn"]
[EventCountry "BAN"]
[SourceTitle "playchess.com"]
[Source "ChessBase"]
[SourceQuality "1"]
[TimeControl "40/5400+30:1800+30"]

1. d4 {[%emt 0:00:25]} Nf6 {[%emt 0:00:04]} 2. c4 {[%emt 0:00:08]} e6 {[%emt 0:00:10]} 3. Nf3 {[%emt 0:00:11]} d5 {[%emt 0:00:06]} 4. g3 {[%emt 0:00:04]} Be7 {[%emt 0:00:10]} 5. Bg2 {[%emt 0:00:06]} O-O {[%emt 0:00:07]} 6. O-O {[%emt 0:00:04]} dxc4 {[%emt 0:00:05]} 7. Qc2 {[%emt 0:00:44]} b5 {[%emt 0:00:23]} 8. a4 {[%emt 0:00:21]} b4 {[%emt 0:00:02]} 9. Nbd2 {[%emt 0:00:32]} Bb7 {[%emt 0:00:15]} 10. Nxc4 {[%emt 0:00:09]} Be4 {[%emt 0:00:04]} 11. Qb3 {[%emt 0:02:40]} c5 {[%emt 0:00:52]} 12. Rd1 {[%emt 0:05:02]} Nbd7 {[%emt 0:02:46]} 13. Be3 {[%emt 0:07:10]} Nd5 {[%emt 0:20:03]} 14. dxc5 {[%emt 0:10:06]} Nxc5 {[%emt 0:16:01]} 15. Bxc5 {[%emt 0:00:12]} Bxc5 {[%emt 0:01:23]} 16. Nfe5 {[%emt 0:01:03]} Bxg2 {[%emt 0:01:16]} 17. Kxg2 {[%emt 0:00:06]} Qc7 {[%emt 0:00:49]} 18. Rac1 {[%emt 0:04:32]} Qb7 {[%emt 0:07:11]} 19. Qf3 {[%emt 0:03:53]} Rac8 {[%emt 0:03:12]} 20. Na5 {[%emt 0:16:08]} Qa6 {[%emt 0:15:20]} 21. Nb3 {[%emt 0:02:01]} Be7 {[%emt 0:24:03]} 22. Rxc8 {[%emt 0:00:52]} Qxc8 {[%emt 0:00:02]} 23. Rc1 {[%emt 0:00:44]} Qa6 {[%emt 0:00:56]} 24. e4 {[%emt 0:04:42]} Nf6 {[%emt 0:01:16]} 25. Nc6 {[%emt 0:06:39]} Re8 {[%emt 0:00:23]} 26. Nbd4 {[%emt 0:05:04]} Bf8 {[%emt 0:05:31]} 27. b3 {[%emt 0:02:19]} Nd7 {[%emt 0:00:17]} 28. Nb5 {[%emt 0:04:05]} Qb6 {[%emt 0:00:42]} 29. Nbxa7 {[%emt 0:01:20]} Nc5 {[%emt 0:00:22]} 30. Qe3 {[%emt 0:02:07]} Ra8 {[%emt 0:00:43]} 31. a5 {[%emt 0:00:18]} Qb7 {[%emt 0:00:28]} 32. Rxc5 {[%emt 0:00:13]} Bxc5 {[%emt 0:00:42]} 33. Qxc5 {[%emt 0:00:05]} h6 {[%emt 0:00:22]} 34. Qb6 {[%emt 0:04:05]} Qd7 {[%emt 0:00:39]} 35. Qxb4 {[%emt 0:00:10]} Qd3 {[%emt 0:00:21]} 36. Qc4 {[%emt 0:00:24]} Qd1 {[%emt 0:00:09]} 37. b4 {[%emt 0:00:39]} g5 {[%emt 0:00:04]} 38. b5 {[%emt 0:00:28]} g4 {[%emt 0:00:07]} 39. Qc3 {[%emt 0:00:26]} h5 {[%emt 0:01:03]} 40. b6 {[%emt 0:00:00]} Re8 {[%emt 0:00:00]} 41. Qe3 {[%emt 0:02:23]} 1-0

[Event "BAN-chT Golden Jubilee 2021-22"]
[Site "Dhaka"]
[Date "2022.03.14"]
[Round "5.14"]
[White "Mohammad Minhaz Uddin"]
[Black "Shyam, Sundar M."]
[Result "0-1"]
[WhiteElo "2267"]
[BlackElo "2528"]
[Annotator "TA"]
[PlyCount "42"]
[EventDate "2022.03.10"]
[EventType "team-tourn"]
[EventCountry "BAN"]
[SourceTitle "playchess.com"]
[Source "ChessBase"]
[SourceQuality "1"]

{[%evp 13,42,-6,-14,-37,-34,-44,-43,-45,-39,-45,-47,-35,-38,-45,-24,-81,-41,-41,-32,-122,-99,-258,-268,-287,-277,-425,-422,-425,-408,-403,-385]} 1. e4 e6 2. d4 d5 3. Nd2 c5 4. exd5 exd5 5. Ngf3 Nc6 6. dxc5 Bxc5 7. Nb3 Bb6 8. h3 {C09: French Tarrasch: 3...c5 4 exd5 exd5 5 Ngf3 Nc6.} Nf6 {Threatens to win with ...Ne4.} 9. Nbd4 {[#]} O-O $146 ({Predecessor:} 9... Qe7+ 10. Be2 O-O 11. c3 Re8 12. Be3 Ne4 13. O-O Be6 14. Bd3 Rad8 15. Nxe6 fxe6 16. Bxb6 axb6 17. Bxe4 dxe4 {½-½ (78) Scheck,K (2102)-Hess,C (2240) Werther 2014}) 10. Be2 {Black is slightly better.} Nxd4 11. Nxd4 Ne4 {[%cal Oe4f2] Strongly threatening ...Nxf2!} 12. O-O Qd6 13. Be3 Bd7 $40 {[%mdl 128] Black attacks.} 14. c4 (14. a4 $11 {keeps the balance.}) 14... dxc4 (14... Bc7 15. Nf3 $11) 15. Bxc4 Rad8 {And now ...Qg6 would win.} ({Much weaker is} 15... Bc7 16. Nf3 $11) 16. Nc2 (16. Qc2 $15 Qg6 17. Ne2) 16... Qg6 $1 $17 {Hoping for ...Bxh3. Black is more active.} 17. Qf3 {[#] This costs White the game.} (17. Bxb6 $17 {only move.} axb6 18. Ne3) 17... Bxe3 $1 $19 18. Qxe3 {[#]} ({Reject} 18. Nxe3 Nd2 19. Qe2 Nxf1 20. Kxf1 Bc6 $19) 18... Nd2 $1 19. Qxd2 (19. Bd3 $142 Nxf1 20. Rxf1) 19... Bc6 {[%csl Gc6][%cal Rg6g2][%mdl 64] Discovered Attack} 20. Bxf7+ Kxf7 {[%csl Gc6][%cal Rg6g2]} 21. Qf4+ Kg8 {Weighted Error Value: White=0.47/Black=0.02 (flawless)} 0-1

[Event "BAN-chT Golden Jubilee 2021-22"]
[Site "Dhaka"]
[Date "2022.03.14"]
[Round "5.16"]
[White "Subrota, Biswas"]
[Black "Bhuiyan, Golam Mostafa"]
[Result "1-0"]
[WhiteElo "2202"]
[BlackElo "2104"]
[Annotator "ChessBase"]
[PlyCount "97"]
[EventDate "2022.03.10"]
[EventType "team-tourn"]
[EventCountry "BAN"]
[SourceTitle "playchess.com"]
[Source "ChessBase"]
[SourceQuality "1"]
[TimeControl "40/5400+30:1800+30"]

1. e4 {[%emt 1:31:00]} c5 {[%emt 1:31:00]} 2. Nf3 {[%emt 0:00:30]} d6 {[%emt 0:00:30]} 3. d4 {[%emt 0:00:30]} cxd4 {[%emt 0:00:30]} 4. Nxd4 {[%emt 0:00:30]} Nf6 {[%emt 0:00:30]} 5. Nc3 {[%emt 0:00:30]} a6 {[%emt 0:00:30]} 6. Bg5 {[%emt 0:00:30]} e6 {[%emt 0:00:30]} 7. f4 {[%emt 0:00:30]} h6 {[%emt 0:00:30]} 8. Bh4 {[%emt 0:00:30]} Be7 {[%emt 0:00:30]} 9. Qf3 {[%emt 0:00:30]} Qc7 {[%emt 0:00:30]} 10. O-O-O {[%emt 0:00:30]} Nc6 {[%emt 0:00:30]} 11. Nxc6 {[%emt 0:00:30]} bxc6 {[%emt 0:00:30]} 12. g4 {[%emt 0:00:30]} Rb8 {[%emt 0:00:30]} 13. Bg2 {[%emt 0:00:30]} e5 {[%emt 0:00:30]} 14. f5 {[%emt 0:00:30]} Qb6 {[%emt 0:00:30]} 15. b3 {[%emt 0:00:30]} Qb4 {[%emt 0:00:30]} 16. Kb2 {[%emt 0:00:30]} Bb7 {[%emt 0:00:30]} 17. Be1 {[%emt 0:00:30]} d5 {[%emt 0:00:30]} 18. Qg3 {[%emt 0:00:30]} d4 {[%emt 0:00:30]} 19. Na4 {[%emt 0:00:30]} Qa3+ {[%emt 0:00:30]} 20. Ka1 {[%emt 0:00:30]} Nd7 {[%emt 0:00:30]} 21. Nb2 {[%emt 0:00:30]} a5 {[%emt 0:00:30]} 22. Bf1 {[%emt 0:00:30]} a4 {[%emt 0:00:30]} 23. Nc4 {[%emt 0:00:30]} Qc5 {[%emt 0:00:30]} 24. b4 {[%emt 0:00:30]} Qa7 {[%emt 0:00:30]} 25. Bd3 {[%emt 0:00:30]} f6 {[%emt 0:00:30]} 26. Bd2 {[%emt 0:00:30]} Ba6 {[%emt 0:00:30]} 27. Rb1 {[%emt 0:00:30]} c5 {[%emt 0:00:30]} 28. b5 {[%emt 0:00:30]} Bb7 {[%emt 0:00:30]} 29. h4 {[%emt 0:00:30]} Nb6 {[%emt 0:00:30]} 30. Rhe1 {[%emt 0:00:30]} Nxc4 {[%emt 0:00:30]} 31. Bxc4 {[%emt 0:00:30]} Qa8 {[%emt 0:00:30]} 32. Qg2 {[%emt 0:00:30]} Rd8 {[%emt 0:00:30]} 33. Be6 {[%emt 0:00:30]} Rd6 {[%emt 0:00:30]} 34. g5 {[%emt 0:00:30]} hxg5 {[%emt 0:00:30]} 35. hxg5 {[%emt 0:00:30]} Kd8 {[%emt 0:00:30]} 36. gxf6 {[%emt 0:00:30]} Bxf6 {[%emt 0:00:30]} 37. b6 {[%emt 0:00:30]} Ke7 {[%emt 0:00:30]} 38. Bg5 {[%emt 0:00:30]} Qf8 {[%emt 0:00:30]} 39. Rg1 {[%emt 0:00:30]} Rh7 {[%emt 0:00:30]} 40. Rb5 {[%emt 0:00:30]} Rxe6 {[%emt 0:00:30]} 41. fxe6 {[%emt 0:30:30]} Kxe6 {[%emt 0:30:30]} 42. Bxf6 {[%emt 0:00:30]} gxf6 {[%emt 0:00:30]} 43. Qe2 {[%emt 0:00:30]} Kd6 {[%emt 0:00:30]} 44. Qc4 {[%emt 0:00:30]} Kc6 {[%emt 0:00:30]} 45. Qxa4 {[%emt 0:00:30]} Kd6 {[%emt 0:00:30]} 46. Qc4 {[%emt 0:00:30]} Kc6 {[%emt 0:00:30]} 47. Rg6 {[%emt 0:00:30]} d3 {[%emt 0:00:30]} 48. Rxc5+ {[%emt 0:00:30]} Kxb6 {[%emt 0:00:30]} 49. Qb4+ {[%emt 0:00:30]} 1-0

[Event "BAN-chT Golden Jubilee 2021-22"]
[Site "Dhaka"]
[Date "2022.03.14"]
[Round "5.17"]
[White "Abu Sufian, Shakil"]
[Black "abzid, Rahman"]
[Result "1-0"]
[WhiteElo "2232"]
[BlackElo "2106"]
[Annotator "ChessBase"]
[PlyCount "29"]
[EventDate "2022.03.10"]
[EventType "team-tourn"]
[EventCountry "BAN"]
[SourceTitle "playchess.com"]
[Source "ChessBase"]
[SourceQuality "1"]
[TimeControl "40/5400+30:1800+30"]

1. e4 {[%emt 0:00:38]} d5 {[%emt 0:02:48]} 2. exd5 {[%emt 0:00:18]} Qxd5 {[%emt 0:00:09]} 3. Nc3 {[%emt 0:00:02]} Qd6 {[%emt 0:00:17]} 4. d4 {[%emt 0:00:18]} Nf6 {[%emt 0:00:18]} 5. Nf3 {[%emt 0:00:13]} c6 {[%emt 0:00:35]} 6. Ne5 {[%emt 0:05:45]} Nbd7 {[%emt 0:03:14]} 7. Bf4 {[%emt 0:06:26]} Nxe5 {[%emt 0:00:50]} 8. dxe5 {[%emt 0:07:14]} Qxd1+ {[%emt 0:10:28]} 9. Rxd1 {[%emt 0:00:09]} Nh5 {[%emt 0:00:19]} 10. Be3 {[%emt 0:00:28]} g6 {[%emt 0:00:08]} 11. Nb5 {[%emt 0:04:05]} cxb5 {[%emt 0:29:53]} 12. Bxb5+ {[%emt 0:00:26]} Bd7 {[%emt 0:00:15]} 13. Bxd7+ {[%emt 0:00:07]} Kd8 {[%emt 0:00:38]} 14. Ba4+ {[%emt 0:09:49]} Kc8 {[%emt 0:00:37]} 15. O-O {[%emt 0:01:31]} 1-0

[Event "BAN-chT Golden Jubilee 2021-22"]
[Site "Dhaka"]
[Date "2022.03.14"]
[Round "5.18"]
[White "Srijit Paul"]
[Black "Zia, Tahsin Tajwar"]
[Result "1/2-1/2"]
[WhiteElo "2419"]
[BlackElo "2283"]
[Annotator "ChessBase"]
[PlyCount "71"]
[EventDate "2022.03.10"]
[EventType "team-tourn"]
[EventCountry "BAN"]
[SourceTitle "playchess.com"]
[Source "ChessBase"]
[SourceQuality "1"]
[TimeControl "40/5400+30:1800+30"]

1. e4 {[%emt 0:03:59]} c6 {[%emt 0:00:13]} 2. d4 {[%emt 0:00:05]} d5 {[%emt 0:00:05]} 3. Nc3 {[%emt 0:00:03]} dxe4 {[%emt 0:00:08]} 4. Nxe4 {[%emt 0:00:06]} Nf6 {[%emt 0:00:17]} 5. Nxf6+ {[%emt 0:00:06]} exf6 {[%emt 0:00:05]} 6. c3 {[%emt 0:00:08]} Bd6 {[%emt 0:00:07]} 7. Bd3 {[%emt 0:00:04]} O-O {[%emt 0:00:10]} 8. Ne2 {[%emt 0:00:02]} Re8 {[%emt 0:00:14]} 9. O-O {[%emt 0:00:06]} Nd7 {[%emt 0:01:23]} 10. Ng3 {[%emt 0:00:19]} Nf8 {[%emt 0:01:13]} 11. Be3 {[%emt 0:00:35]} Be6 {[%emt 0:02:11]} 12. Qd2 {[%emt 0:03:55]} g6 {[%emt 0:06:07]} 13. Rfe1 {[%emt 0:03:37]} f5 {[%emt 0:01:12]} 14. Bg5 {[%emt 0:02:50]} Be7 {[%emt 0:02:43]} 15. Bxe7 {[%emt 0:00:22]} Qxe7 {[%emt 0:00:23]} 16. Qf4 {[%emt 0:00:16]} Rad8 {[%emt 0:02:35]} 17. h4 {[%emt 0:02:56]} Nd7 {[%emt 0:27:39]} 18. Re2 {[%emt 0:16:52]} Nb6 {[%emt 0:03:07]} 19. Qh6 {[%emt 0:24:03]} Qf8 {[%emt 0:01:12]} 20. Qd2 {[%emt 0:00:11]} Qe7 {[%emt 0:03:10]} 21. h5 {[%emt 0:05:12]} Qh4 {[%emt 0:00:54]} 22. Rae1 {[%emt 0:12:34]} Nd5 {[%emt 0:01:44]} 23. Re5 {[%emt 0:07:05]} Nf6 {[%emt 0:04:02]} 24. Be2 {[%emt 0:10:30]} c5 {[%emt 0:14:45]} 25. Bb5 {[%emt 0:02:52]} Ng4 {[%emt 0:00:41]} 26. Nf1 {[%emt 0:00:35]} Nxe5 27. Rxe5 {[%emt 0:00:04]} Re7 {[%emt 0:08:45]} 28. hxg6 {[%emt 0:00:06]} hxg6 {[%emt 0:00:10]} 29. Rxc5 {[%emt 0:00:07]} a6 {[%emt 0:01:12]} 30. Bd3 {[%emt 0:00:24]} Kg7 {[%emt 0:00:37]} 31. b3 {[%emt 0:00:42]} Rh8 {[%emt 0:00:25]} 32. f3 {[%emt 0:00:05]} Bd7 {[%emt 0:07:47]} 33. Rc7 {[%emt 0:00:17]} Qh1+ {[%emt 0:04:28]} 34. Kf2 {[%emt 0:00:07]} Qh4+ {[%emt 0:01:41]} 35. Kg1 {[%emt 0:00:02]} Qh1+ {[%emt 0:01:01]} 36. Kf2 {[%emt 0:00:01]} 1/2-1/2

[Event "BAN-chT Golden Jubilee 2021-22"]
[Site "Dhaka"]
[Date "2022.03.14"]
[Round "5.19"]
[White "Puranik, Abhimanyu"]
[Black "Parveen, Tanima"]
[Result "1-0"]
[WhiteElo "2618"]
[BlackElo "1971"]
[Annotator "TA"]
[PlyCount "59"]
[EventDate "2022.03.10"]
[EventType "team-tourn"]
[EventCountry "BAN"]
[SourceTitle "playchess.com"]
[Source "ChessBase"]
[SourceQuality "1"]

{[%evp 11,59,-2,50,-27,13,13,14,21,25,18,46,34,36,36,42,34,46,40,36,40,44,32,31,16,44,6,35,39,44,31,52,47,61,48,58,33,58,37,45,48,71,25,159,161,289,289,293,289,256,260]} 1. c4 e5 2. Nc3 Nf6 {[%cal Bg8f6,Bf6d5,Bd5c3][%mdl 32]} 3. Nf3 Nc6 4. g3 d5 5. cxd5 Nxd5 6. Bg2 Be6 (6... Nb6 $11) 7. Ng5 {A29: English Opening: Four Knights Variation with 4 g3.} Nxc3 8. Nxe6 Nxd1 {Pair of Knights!} 9. Nxd8 {The position is equal.} Nxd8 10. Kxd1 Bc5 {[#]} 11. a3 $146 ({Predecessor:} 11. f4 f6 12. Rf1 c6 13. e3 Nf7 14. b4 Bb6 15. Bb2 Rd8 16. Kc2 Ke7 17. Bc3 {1-0 (47) Xu,Z (2506)-Lodhi,M (2349) Qingdao 2019}) 11... a5 (11... Bxf2 $2 12. e3 $18) 12. b3 O-O (12... Bxf2 $2 13. e3 $18) 13. e3 c6 14. Bb2 Re8 15. Kc2 f6 16. f4 Bd6 17. h4 Nf7 18. Bh3 Rad8 19. h5 Bc7 20. Rhg1 {[%cal Bh1g1,Bg1g2,Bg2h2][%mdl 32]} Rd6 21. Bc3 Red8 22. Bf1 b5 23. Be2 Kf8 24. Rg2 e4 25. g4 Rd5 {To avoid g5} 26. Bf1 ({White should play} 26. Rf1 $16) 26... Nd6 {[#]} (26... h6 $11 {keeps the balance.}) 27. h6 $1 $16 Ne8 (27... g6 $142) 28. hxg7+ $18 {White has a decisive advantage.} Kxg7 29. Rh2 Kg8 30. Bg2 {Weighted Error Value: White=0.12 (very precise) /Black=0.27 (precise)} 1-0

[Event "BAN-chT Golden Jubilee 2021-22"]
[Site "Dhaka"]
[Date "2022.03.14"]
[Round "5.20"]
[White "Aronyak Ghosh"]
[Black "Mitrabha, Guha"]
[Result "1/2-1/2"]
[WhiteElo "2482"]
[BlackElo "2510"]
[Annotator "ChessBase"]
[PlyCount "55"]
[EventDate "2022.03.10"]
[EventType "team-tourn"]
[EventCountry "BAN"]
[SourceTitle "playchess.com"]
[Source "ChessBase"]
[SourceQuality "1"]
[TimeControl "40/5400+30:1800+30"]

1. c4 {[%emt 0:02:24]} c6 {[%emt 0:00:06]} 2. d4 {[%emt 0:00:18]} d5 {[%emt 0:00:05]} 3. cxd5 {[%emt 0:00:17]} cxd5 {[%emt 0:00:05]} 4. Nc3 {[%emt 0:00:16]} Nf6 {[%emt 0:00:06]} 5. Nf3 {[%emt 0:00:28]} Nc6 {[%emt 0:00:05]} 6. Bf4 {[%emt 0:00:29]} Bf5 {[%emt 0:00:02]} 7. e3 {[%emt 0:00:46]} e6 {[%emt 0:00:01]} 8. Bd3 {[%emt 0:00:25]} Bxd3 {[%emt 0:00:03]} 9. Qxd3 {[%emt 0:00:06]} Bd6 {[%emt 0:00:05]} 10. Bxd6 {[%emt 0:00:49]} Qxd6 {[%emt 0:00:02]} 11. O-O {[%emt 0:00:14]} O-O {[%emt 0:00:04]} 12. Rfc1 {[%emt 0:00:02]} Rfc8 {[%emt 0:00:04]} 13. Ne2 {[%emt 0:00:55]} Ne7 {[%emt 0:00:02]} 14. h3 {[%emt 0:00:10]} h6 {[%emt 0:00:13]} 15. Rxc8+ {[%emt 0:00:33]} Rxc8 {[%emt 0:00:01]} 16. Rc1 {[%emt 0:00:06]} Rxc1+ {[%emt 0:00:04]} 17. Nxc1 {[%emt 0:00:03]} Qc7 {[%emt 0:00:17]} 18. Ne2 {[%emt 0:00:05]} Kf8 {[%emt 0:00:05]} 19. Qc3 {[%emt 0:00:05]} Qxc3 {[%emt 0:00:04]} 20. Nxc3 {[%emt 0:00:02]} Nc6 {[%emt 0:00:05]} 21. Kf1 {[%emt 0:00:03]} Ke7 {[%emt 0:00:03]} 22. Ke2 {[%emt 0:00:03]} Ne8 {[%emt 0:00:04]} 23. Ne1 {[%emt 0:00:18]} Nd6 {[%emt 0:00:12]} 24. Nd3 {[%emt 0:00:05]} Kd7 {[%emt 0:00:06]} 25. Nc5+ {[%emt 0:00:17]} Kc7 {[%emt 0:00:04]} 26. Nd3 {[%emt 0:00:08]} Kc8 {[%emt 0:00:05]} 27. Kd1 {[%emt 0:00:16]} Nc4 {[%emt 1:41:47]} 28. Kc2 {[%emt 0:00:10]} 1/2-1/2

[Event "BAN-chT Golden Jubilee 2021-22"]
[Site "Dhaka"]
[Date "2022.03.14"]
[Round "5.21"]
[White "Chowdhury, Sohel"]
[Black "Rahman, Syed Mahfuzur"]
[Result "0-1"]
[WhiteElo "2046"]
[BlackElo "2099"]
[Annotator "ChessBase"]
[PlyCount "144"]
[EventDate "2022.03.10"]
[EventType "team-tourn"]
[EventCountry "BAN"]
[SourceTitle "playchess.com"]
[Source "ChessBase"]
[SourceQuality "1"]
[TimeControl "40/5400+30:1800+30"]

1. e4 {[%emt 0:00:04]} d6 {[%emt 0:10:29]} 2. Nc3 {[%emt 0:00:20]} Nf6 {[%emt 0:00:25]} 3. d3 {[%emt 0:01:10]} g6 {[%emt 0:00:51]} 4. g3 {[%emt 0:00:07]} Bg7 {[%emt 0:03:12]} 5. Bg2 {[%emt 0:00:13]} O-O {[%emt 0:00:22]} 6. h3 {[%emt 0:05:51]} c6 {[%emt 0:09:50]} 7. Nge2 {[%emt 0:02:29]} d5 {[%emt 0:00:41]} 8. O-O {[%emt 0:02:42]} dxe4 {[%emt 0:07:39]} 9. dxe4 {[%emt 0:00:36]} Qb6 {[%emt 0:01:40]} 10. Nf4 {[%emt 0:04:23]} e5 {[%emt 0:04:02]} 11. Nd3 {[%emt 0:00:47]} Re8 {[%emt 0:04:07]} 12. Be3 {[%emt 0:02:11]} Qc7 {[%emt 0:04:34]} 13. Re1 {[%emt 0:06:09]} Nbd7 {[%emt 0:00:20]} 14. Kh2 {[%emt 0:07:39]} Nf8 {[%emt 0:04:21]} 15. Ne2 {[%emt 0:16:26]} b6 {[%emt 0:06:45]} 16. c3 {[%emt 0:06:19]} Ba6 {[%emt 0:06:08]} 17. Qc2 {[%emt 0:02:13]} Ne6 {[%emt 0:03:31]} 18. Rad1 {[%emt 0:01:23]} Rad8 {[%emt 0:02:48]} 19. Ndc1 {[%emt 0:05:49]} Nd7 {[%emt 0:10:39]} 20. Ng1 {[%emt 0:02:32]} c5 {[%emt 0:03:07]} 21. b3 {[%emt 0:07:00]} b5 {[%emt 0:06:33]} 22. Nce2 {[%emt 0:03:39]} c4 {[%emt 0:01:53]} 23. b4 {[%emt 0:00:31]} Nb6 {[%emt 0:00:44]} 24. h4 {[%emt 0:02:59]} Bb7 {[%emt 0:01:52]} 25. Nh3 {[%emt 0:00:22]} Qc6 {[%emt 0:03:33]} 26. f3 {[%emt 0:02:13]} a5 {[%emt 0:01:10]} 27. a3 {[%emt 0:00:45]} Na4 {[%emt 0:01:38]} 28. Ng5 {[%emt 0:01:14]} Nxg5 {[%emt 0:00:26]} 29. Bxg5 {[%emt 0:00:05]} f6 {[%emt 0:00:44]} 30. Be3 {[%emt 0:00:26]} Bf8 {[%emt 0:00:21]} 31. Rd2 {[%emt 0:04:26]} Rxd2 {[%emt 0:00:31]} 32. Qxd2 {[%emt 0:00:02]} Be7 {[%emt 0:00:13]} 33. Rd1 {[%emt 0:03:03]} Rd8 {[%emt 0:00:02]} 34. Qc2 {[%emt 0:00:04]} Rd6 {[%emt 0:01:30]} 35. f4 {[%emt 0:02:53]} Bc8 {[%emt 0:00:22]} 36. fxe5 {[%emt 0:00:15]} Rxd1 {[%emt 0:00:48]} 37. Qxd1 {[%emt 0:03:01]} fxe5 {[%emt 0:00:02]} 38. bxa5 {[%emt 0:02:32]} Be6 {[%emt 0:00:58]} 39. Qc1 {[%emt 0:01:26]} Bd8 {[%emt 0:00:22]} 40. Bh6 {[%emt 0:00:00]} Nc5 {[%emt 0:00:00]} 41. Qf1 {[%emt 0:05:20]} Nd7 {[%emt 0:12:39]} 42. Ng1 {[%emt 0:05:27]} Nf6 {[%emt 0:04:41]} 43. Kh1 {[%emt 0:01:37]} Bf7 {[%emt 0:02:15]} 44. Nh3 {[%emt 0:09:20]} Bxa5 {[%emt 0:05:00]} 45. Qf3 {[%emt 0:00:16]} Bb6 {[%emt 0:02:28]} 46. Bg5 {[%emt 0:08:28]} Kg7 {[%emt 0:02:22]} 47. Nf2 {[%emt 0:00:09]} Bc5 {[%emt 0:02:24]} 48. Nd1 {[%emt 0:05:12]} Bxa3 {[%emt 0:00:39]} 49. Ne3 {[%emt 0:00:40]} Bc5 {[%emt 0:01:19]} 50. Nd5 {[%emt 0:00:23]} Nxd5 {[%emt 0:01:28]} 51. exd5 {[%emt 0:00:02]} Qd6 {[%emt 0:00:08]} 52. g4 {[%emt 0:00:57]} b4 {[%emt 0:00:43]} 53. cxb4 {[%emt 0:00:32]} Bxb4 {[%emt 0:00:20]} 54. Bh6+ {[%emt 0:00:11]} Kg8 {[%emt 0:00:51]} 55. Qe4 {[%emt 0:01:46]} c3 {[%emt 0:00:47]} 56. Qc4 {[%emt 0:00:01]} Qc5 {[%emt 0:00:21]} 57. Qa6 {[%emt 0:00:01]} Bxd5 {[%emt 0:00:28]} 58. Bxd5+ {[%emt 0:02:05]} Qxd5+ {[%emt 0:00:01]} 59. Kh2 {[%emt 0:00:01]} Bf8 {[%emt 0:01:16]} 60. Qc8 {[%emt 0:00:03]} Qf7 {[%emt 0:00:34]} 61. Be3 {[%emt 0:00:52]} Qa2+ {[%emt 0:00:03]} 62. Kg3 {[%emt 0:00:30]} c2 {[%emt 0:00:13]} 63. Bh6 {[%emt 0:00:31]} Qa3+ {[%emt 0:01:09]} 64. Kg2 {[%emt 0:00:14]} Qe7 {[%emt 0:00:35]} 65. Bxf8 {[%emt 0:00:23]} Qxf8 {[%emt 0:00:01]} 66. Qxc2 {[%emt 0:00:02]} Qf4 {[%emt 0:00:30]} 67. Qc8+ {[%emt 0:00:37]} Kg7 {[%emt 0:00:42]} 68. Qc7+ {[%emt 0:00:53]} Kh6 {[%emt 0:00:21]} 69. g5+ {[%emt 0:01:13]} Kh5 {[%emt 0:00:01]} 70. Qxh7+ {[%emt 0:00:18]} Kg4 {[%emt 0:01:58]} 71. Qxg6 {[%emt 0:00:35]} Qd2+ {[%emt 0:00:00]} 72. Kf1 {[%emt 0:00:50]} Kg3 {[%emt 0:00:00]} 0-1

[Event "BAN-chT Golden Jubilee 2021-22"]
[Site "Dhaka"]
[Date "2022.03.14"]
[Round "5.22"]
[White "Panesar Vedant"]
[Black "Harsha Bharathakoti"]
[Result "0-1"]
[WhiteElo "2379"]
[BlackElo "2499"]
[Annotator "ChessBase"]
[PlyCount "90"]
[EventDate "2022.03.10"]
[EventType "team-tourn"]
[EventCountry "BAN"]
[SourceTitle "playchess.com"]
[Source "ChessBase"]
[SourceQuality "1"]
[TimeControl "40/5400+30:1800+30"]

1. d4 {[%emt 0:00:05]} f5 {[%emt 0:00:16]} 2. Bg5 {[%emt 0:00:35]} g6 {[%emt 0:04:22]} 3. Nc3 {[%emt 0:01:02]} Bg7 {[%emt 0:00:05]} 4. h4 {[%emt 0:01:52]} h6 {[%emt 0:25:44]} 5. Bf4 {[%emt 0:00:35]} Nf6 {[%emt 0:00:05]} 6. e3 {[%emt 0:00:08]} d6 {[%emt 0:01:25]} 7. Qf3 {[%emt 0:00:37]} e6 {[%emt 0:11:47]} 8. Bb5+ {[%emt 0:02:09]} Nbd7 {[%emt 0:01:24]} 9. Qg3 {[%emt 0:03:20]} Kf7 {[%emt 0:00:05]} 10. Nge2 {[%emt 0:00:28]} Qe7 {[%emt 0:01:59]} 11. e4 {[%emt 0:01:20]} fxe4 {[%emt 0:02:47]} 12. f3 {[%emt 0:02:26]} Nh5 {[%emt 0:06:43]} 13. Qf2 {[%emt 0:01:45]} Rf8 {[%emt 0:02:40]} 14. Nxe4 {[%emt 0:02:25]} Kg8 {[%emt 0:11:08]} 15. Be3 {[%emt 0:03:05]} d5 {[%emt 0:11:32]} 16. N4c3 {[%emt 0:00:36]} c6 {[%emt 0:01:17]} 17. Bd3 {[%emt 0:02:28]} e5 {[%emt 0:01:24]} 18. Bxg6 {[%emt 0:01:26]} exd4 {[%emt 0:00:03]} 19. Bxd4 {[%emt 0:00:54]} Bxd4 {[%emt 0:00:04]} 20. Qxd4 {[%emt 0:00:08]} Nf4 {[%emt 0:00:02]} 21. h5 {[%emt 0:03:49]} Nxg2+ {[%emt 0:01:57]} 22. Kf2 {[%emt 0:01:58]} Ne5 {[%emt 0:00:05]} 23. Kxg2 {[%emt 0:02:17]} Qg5+ {[%emt 0:02:32]} 24. Ng3 {[%emt 0:00:58]} Nxf3 {[%emt 0:02:36]} 25. Qd3 {[%emt 0:10:32]} Ne5 {[%emt 0:01:08]} 26. Qd4 {[%emt 0:01:40]} Bg4 {[%emt 0:01:46]} 27. Raf1 {[%emt 0:20:33]} Bf3+ {[%emt 0:01:02]} 28. Rxf3 {[%emt 0:03:16]} Nxf3 {[%emt 0:04:25]} 29. Qd3 {[%emt 0:14:28]} Ne5 {[%emt 0:04:37]} 30. Qe2 {[%emt 0:02:16]} Rf3 {[%emt 0:00:00]} 31. Qxe5 {[%emt 0:01:18]} Qxe5 {[%emt 0:00:00]} 32. Kxf3 {[%emt 0:00:03]} Rf8+ {[%emt 0:00:00]} 33. Kg2 {[%emt 0:00:05]} Qe3 {[%emt 0:00:24]} 34. Rf1 {[%emt 0:01:11]} Rxf1 {[%emt 0:00:06]} 35. Nxf1 {[%emt 0:00:03]} Qc1 {[%emt 0:00:03]} 36. Ne2 {[%emt 0:01:27]} Qxb2 {[%emt 0:00:04]} 37. Neg3 {[%emt 0:00:27]} Qxa2 {[%emt 0:01:49]} 38. Ne3 {[%emt 0:01:48]} a5 {[%emt 0:02:04]} 39. Ng4 {[%emt 0:00:24]} a4 {[%emt 0:00:00]} 40. Nxh6+ {[%emt 0:00:00]} Kf8 {[%emt 0:00:00]} 41. Ngf5 {[%emt 0:11:12]} Qxc2+ {[%emt 0:02:44]} 42. Kf3 {[%emt 0:00:35]} Qe4+ {[%emt 0:01:42]} 43. Kg3 {[%emt 0:00:08]} a3 {[%emt 0:00:07]} 44. Ng4 {[%emt 0:00:34]} a2 {[%emt 0:00:08]} 45. Nd6 {[%emt 0:00:59]} Qe1+ {[%emt 0:28:49]} 0-1